Clerk and Lindsell on Torts (Record no. 103891)
[ view plain ]
| 000 -LEADER | |
|---|---|
| fixed length control field | 01951cam a2200349 4500 |
| 001 - CONTROL NUMBER | |
| control field | ##L128329 |
| 008 - FIXED-LENGTH DATA ELEMENTS--GENERAL INFORMATION | |
| fixed length control field | 041216n2006 000 0 eng u |
| 020 ## - INTERNATIONAL STANDARD BOOK NUMBER | |
| International Standard Book Number | 0421888903 |
| 035 ## - SYSTEM CONTROL NUMBER | |
| System control number | (Sirsi) u128329 |
| 041 0# - LANGUAGE CODE | |
| Language code of text/sound track or separate title | eng |
| 050 04 - LIBRARY OF CONGRESS CALL NUMBER | |
| Classification number | 346.4103 $2 18 |
| 100 1# - MAIN ENTRY--PERSONAL NAME | |
| Personal name | Dugdale, Anthony M. |
| 245 00 - TITLE STATEMENT | |
| Title | Clerk and Lindsell on Torts |
| 250 ## - EDITION STATEMENT | |
| Edition statement | 19th ed. |
| 260 ## - PUBLICATION, DISTRIBUTION, ETC. | |
| Place of publication, distribution, etc. | London |
| Name of publisher, distributor, etc. | Sweet and Maxwell |
| Date of publication, distribution, etc. | 2006 |
| 300 ## - PHYSICAL DESCRIPTION | |
| Extent | ccclxvi, 2144p $2 4cm. |
| 505 2# - FORMATTED CONTENTS NOTE | |
| Formatted contents note | Principles of liability in tort -- causation in tort general principles -- general defences -- joint liability and contribution --capacity and parties -- vicarious liability -- foreign torts -- negligence -- breach of statutory duty -- professional liability - product liability and consumer protection -- occupier's liability and defective premises - employers' liability -- public service liability -- trespass to the person -- malicious prosecution -- wrongful interference with goods -- deceit --trespass to land and dispossession -- nuisance --Rylands v Fletcher liability --animals -- defamation -- malicious falsehood -- economic torts -- statutory intellectual property rights -- passing off -- breach of confidence -- damages -- injunctions -- self-help -- discharge of torts -- limitation. |
| 520 ## - SUMMARY, ETC. | |
| Summary, etc. | The nineteenth edition of this key text contains new chapters on contribution actions and public services liability, and a fresh chapter on employers' liability, expanding on the coverage of that topic in previous editions. |
| 520 ## - SUMMARY, ETC. | |
| Summary, etc. | Supersedes 18th edition and supplements (ISBN 0421660902/0421889403). |
| 700 1# - ADDED ENTRY--PERSONAL NAME | |
| Personal name | Jones, Michael A. |
| 700 1# - ADDED ENTRY--PERSONAL NAME | |
| Personal name | Simpson, Mark |
| 700 1# - ADDED ENTRY--PERSONAL NAME | |
| Personal name | Alexander, Daniel |
| 700 1# - ADDED ENTRY--PERSONAL NAME | |
| Personal name | Buckley, Richard A. |
| 700 1# - ADDED ENTRY--PERSONAL NAME | |
| Personal name | Burrows, Andrew S. |
| 700 1# - ADDED ENTRY--PERSONAL NAME | |
| Personal name | Carty, Hazel F. |
| 700 1# - ADDED ENTRY--PERSONAL NAME | |
| Personal name | Duodu, Korieh |
| 700 1# - ADDED ENTRY--PERSONAL NAME | |
| Personal name | Murphy, John |
| 700 1# - ADDED ENTRY--PERSONAL NAME | |
| Personal name | Price, David |
| 700 1# - ADDED ENTRY--PERSONAL NAME | |
| Personal name | Simpson, Robert |
| 700 1# - ADDED ENTRY--PERSONAL NAME | |
| Personal name | Tettenborn, Andrew |
| 942 ## - ADDED ENTRY ELEMENTS (KOHA) | |
| Suppress in OPAC | 0 |
| Withdrawn status | Lost status | Source of classification or shelving scheme | Damaged status | Not for loan | Home library | Current library | Shelving location | Date acquired | Total Checkouts | Full call number | Barcode | Date last seen | Copy number | Price effective from | Koha item type |
|---|---|---|---|---|---|---|---|---|---|---|---|---|---|---|---|
| Dewey Decimal Classification | London | London | Books | 05/01/2006 | 346.4103 CLE | 30071481 | 06/08/2019 | 1 | 06/08/2019 | Reference material |